<?xml version="1.0" encoding="UTF-8"?>
<record
    xmlns:xsi="http://www.w3.org/2001/XMLSchema-instance"
    xsi:schemaLocation="http://www.loc.gov/MARC21/slim http://www.loc.gov/standards/marcxml/schema/MARC21slim.xsd"
    xmlns="http://www.loc.gov/MARC21/slim">

  <leader>00369nam a22001457a 4500</leader>
  <controlfield tag="003">LRUA</controlfield>
  <controlfield tag="005">20220615134332.0</controlfield>
  <controlfield tag="008">220615b        xxu||||| |||| 00| 0 eng d</controlfield>
  <datafield tag="040" ind1=" " ind2=" ">
    <subfield code="c">SK</subfield>
  </datafield>
  <datafield tag="082" ind1=" " ind2=" ">
    <subfield code="a">351</subfield>
  </datafield>
  <datafield tag="100" ind1=" " ind2=" ">
    <subfield code="a">&#x1793;&#x17BB;&#x178F; &#x1785;&#x1793;&#x17D2;&#x1790;&#x17B6;</subfield>
  </datafield>
  <datafield tag="245" ind1=" " ind2=" ">
    <subfield code="a">&#x1780;&#x17B7;&#x1785;&#x17D2;&#x1785;&#x17BB;&#x1780;&#x17B6;&#x179A;&#x179A;&#x178A;&#x17D2;&#x178B;&#x17B6;&#x1794;&#x17B6;&#x179B;</subfield>
  </datafield>
  <datafield tag="260" ind1=" " ind2=" ">
    <subfield code="a">Phnom Penh</subfield>
    <subfield code="b">&#x1793;&#x17BB;&#x178F;</subfield>
    <subfield code="c">2006</subfield>
  </datafield>
  <datafield tag="942" ind1=" " ind2=" ">
    <subfield code="c">KB</subfield>
    <subfield code="2">ddc</subfield>
  </datafield>
  <datafield tag="999" ind1=" " ind2=" ">
    <subfield code="c">8430</subfield>
    <subfield code="d">8430</subfield>
  </datafield>
  <datafield tag="952" ind1=" " ind2=" ">
    <subfield code="0">0</subfield>
    <subfield code="1">0</subfield>
    <subfield code="4">0</subfield>
    <subfield code="6">351_000000000000000_&#x1793;&#x17BB;&#x178F;_2006_C193</subfield>
    <subfield code="7">0</subfield>
    <subfield code="9">48313</subfield>
    <subfield code="a">LBC</subfield>
    <subfield code="b">LBC</subfield>
    <subfield code="c">C193</subfield>
    <subfield code="d">2016-07-27</subfield>
    <subfield code="o">351 &#x1793;&#x17BB;&#x178F; 2006 C193</subfield>
    <subfield code="p">RUA042275</subfield>
    <subfield code="r">2016-07-27</subfield>
    <subfield code="y">KB</subfield>
  </datafield>
  <datafield tag="952" ind1=" " ind2=" ">
    <subfield code="0">0</subfield>
    <subfield code="1">0</subfield>
    <subfield code="4">0</subfield>
    <subfield code="6">351_000000000000000_&#x1793;&#x17BB;&#x178F;_2006_C191</subfield>
    <subfield code="7">0</subfield>
    <subfield code="9">48314</subfield>
    <subfield code="a">LBC</subfield>
    <subfield code="b">LBC</subfield>
    <subfield code="c">C191</subfield>
    <subfield code="d">2016-07-27</subfield>
    <subfield code="o">351 &#x1793;&#x17BB;&#x178F; 2006 C191</subfield>
    <subfield code="p">RUA042319</subfield>
    <subfield code="r">2016-07-27</subfield>
    <subfield code="y">KB</subfield>
  </datafield>
  <datafield tag="952" ind1=" " ind2=" ">
    <subfield code="0">0</subfield>
    <subfield code="1">0</subfield>
    <subfield code="4">0</subfield>
    <subfield code="6">351_000000000000000_&#x1793;&#x17BB;&#x178F;_2006_C193</subfield>
    <subfield code="7">0</subfield>
    <subfield code="9">48315</subfield>
    <subfield code="a">LBC</subfield>
    <subfield code="b">LBC</subfield>
    <subfield code="c">C193</subfield>
    <subfield code="d">2016-07-27</subfield>
    <subfield code="o">351 &#x1793;&#x17BB;&#x178F; 2006 C193</subfield>
    <subfield code="p">RUA042318</subfield>
    <subfield code="r">2016-07-27</subfield>
    <subfield code="y">KB</subfield>
  </datafield>
</record>
